000 00768nam a22002177a 4500
003 NUST
005 20240627163927.0
008 190725b ||||| |||| 00| 0 eng d
038 _aMr. Noman
082 _a200
100 _aMushtaq, Ammar
_918561
245 _aNumerical Solutions of Nonlinear Radiative Heat Transfer Problems for Boundary Layer Flows /
_cAmmar Mushtaq.
260 _aIslamabad:
_bRCMS - NUST,
_c2015.
300 _a118 p.: ill.;
_c30cm.
500 _aHardcover.
600 _xPhD- Computation Science & Engineering
_9123869
650 _aComputational Sceience and Engineering PhD Thesis.
_918562
700 _aSupervisor:Dr. Meraj Mustafa Hashmi.
_9123768
856 _uhttp://10.250.8.41:8080/xmlui/handle/123456789/27718
942 _2ddc
_cSC
999 _c527350
_d527350